Visitación del hoy / (Record no. 9770)
[ view plain ]
| 000 -CABECERA | |
|---|---|
| campo de control de longitud fija | 00808cam a2200241 a 4500 |
| 001 - NÚMERO DE CONTROL | |
| campo de control | 000010011 |
| 005 - FECHA Y HORA DE LA ÚLTIMA TRANSACCIÓN | |
| campo de control | 20200929161812.0 |
| 008 - DATOS DE LONGITUD FIJA--INFORMACIÓN GENERAL | |
| campo de control de longitud fija | 981015s1998 ck 000 p spa |
| 020 ## - NÚMERO INTERNACIONAL ESTÁNDAR DEL LIBRO | |
| Número Internacional Estándar del Libro | 9588052009 |
| 040 ## - FUENTE DE LA CATALOGACIÓN | |
| Centro catalogador/agencia de origen | DO-SdBNP |
| Lengua de catalogación | spa |
| Centro/agencia transcriptor | BNPHU |
| 082 ## - NÚMERO DE LA CLASIFICACIÓN DECIMAL DEWEY | |
| Número de clasificación | Co861.44 |
| Número de documento/Ítem | T693v |
| 100 1# - ENTRADA PRINCIPAL--NOMBRE DE PERSONA | |
| Nombre de persona | Torres Duque, Óscar, |
| Fechas asociadas al nombre | 1963- |
| 9 (RLIN) | 8677 |
| 245 10 - MENCIÓN DE TÍTULO | |
| Título | Visitación del hoy / |
| Mención de responsabilidad, etc. | Óscar Torres Duque. |
| 260 ## - PUBLICACIÓN, DISTRIBUCIÓN, ETC. | |
| Lugar de publicación, distribución, etc. | Bogotá, (Colombia) : |
| Nombre del editor, distribuidor, etc. | Ministerio de Cultura, |
| Fecha de publicación, distribución, etc. | 1998. |
| 300 ## - DESCRIPCIÓN FÍSICA | |
| Extensión | 139 p. ; |
| Dimensiones | 21 cm. |
| 490 1# - MENCIÓN DE SERIE | |
| Mención de serie | Premios nacionales de cultura |
| -- | Poesía |
| 586 ## - NOTA DE PREMIOS | |
| Nota de premios | Premios nacionales de cultura, 1997. |
| 650 #4 - PUNTO DE ACCESO ADICIONAL DE MATERIA--TÉRMINO DE MATERIA | |
| Término de materia o nombre geográfico como elemento de entrada | Poesía colombiana |
| 9 (RLIN) | 3742 |
| 650 #4 - PUNTO DE ACCESO ADICIONAL DE MATERIA--TÉRMINO DE MATERIA | |
| Término de materia o nombre geográfico como elemento de entrada | Literatura colombiana |
| 9 (RLIN) | 1244 |
| 650 #4 - PUNTO DE ACCESO ADICIONAL DE MATERIA--TÉRMINO DE MATERIA | |
| Término de materia o nombre geográfico como elemento de entrada | Poesía amorosa |
| 9 (RLIN) | 9227 |
| 650 #4 - PUNTO DE ACCESO ADICIONAL DE MATERIA--TÉRMINO DE MATERIA | |
| Término de materia o nombre geográfico como elemento de entrada | Vida cotidiana |
| Subdivisión general | Poesía |
| 9 (RLIN) | 15503 |
| 830 #0 - PUNTO DE ACCESO ADICIONAL DE SERIE-TÍTULO UNIFORME | |
| Título uniforme | Premios nacionales de cultura ; |
| Nombre de parte o sección de la obra | Poesía |
| 9 (RLIN) | 24956 |
| Estado de retiro | Estado de pérdida | Restricciones de uso | No para préstamo | Código de colección | Localización permanente | Ubicación/localización actual | Ubicación en estantería | Fecha de adquisición | Número de inventario | Total de préstamos | Signatura topográfica completa | Código de barras | Fecha visto por última vez | Precio válido a partir de | Tipo de ítem Koha |
|---|---|---|---|---|---|---|---|---|---|---|---|---|---|---|---|
| Préstamo interno | Monografías: Libros y Folletos | General | General | En catalogación | 02.10.2009 | LF1 | Co861.44 T693v | 10011-10 | 25.06.2020 | 25.06.2020 | Préstamo interno |
